Statistics for Maya Hawke - Hold The Sun (Lyrics)

Click here to take the quiz!

General Stats

  • This quiz has been taken 6 times
  • The average score is 104 of 149

Answer Stats

Answer% Correct
Hold
100%
hold
100%
sun
100%
the
100%
The
100%
a
83%
holds
83%
Holds
83%
I
83%
like
83%
Like
83%
sky
83%
So
83%
soft
83%
water
83%
you
83%
against
67%
but
67%
'Cause
67%
hand
67%
hear
67%
her
67%
it
67%
My
67%
my
67%
see
67%
that
67%
thigh
67%
think
67%
wanna
67%
When
67%
your
67%
about
50%
all
50%
And
50%
and
50%
body
50%
break
50%
can't
50%
could,
50%
crept
50%
cry
50%
dare
50%
declare
50%
desperate
50%
I'd
50%
want's
50%
wouldn't
50%
doesn't
50%
eyes
50%
goodbye
50%
hair
50%
hands
50%
has
50%
heavy
50%
here
50%
If
50%
I'll
50%
in
50%
In
50%
kiss
50%
know
50%
lie
50%
lips
50%
loves
50%
low,
50%
moan
50%
night
50%
only
50%
rise
50%
say
50%
settle
50%
she
50%
sigh
50%
singer
50%
tension
50%
through
50%
To
50%
to
50%
try
50%
turn
50%
until
50%
will
50%
With
50%
would
50%

Score Distribution

Percentile by Number Answered

Percent of People with Each Score

Your Score History

You have not taken this quiz